Statistics for Doctor Who Series 5 Episodes

Click here to take the quiz!

General Stats

  • This quiz has been taken 141 times
  • The average score is 10 of 13

Answer Stats

HintAnswer% Correct
Crack in the Wall, Prizoner Zero, AtraxiThe Eleventh Hour
93%
The Perfect Prison, The Alliance, Rory's ReturnThe Pandorica Opens
90%
Dream Lord, Pregnant Amy, Rory 'Dies'Amy's Choice
86%
Craig (James Corden), Stranded in Colchester, Upstairs FlatThe Lodger
83%
'Something In Her Eye', Crack in the Wall, Father OctavianFlesh and Stone
80%
Starship UK, Smilers, Star WhaleThe Beast Below
77%
Cracks in the Universe, The Last Centurion, 'Fezzes Are Cool'The Big Bang
77%
Vincent Van Gogh, Krefayis, 'The Church At Auvers'Vincent And The Doctor
75%
Winston Churchill, New Daleks, Spitfires in SpaceVictory of the Daleks
71%
Silurians, Welsh Drilling Project, AlayaThe Hungry Earth
65%
Alaya dies, Eldane, Near War Between Silurians and HumansCold Blood
64%
River Song, Byzantium, Angel BobThe Time of Angels
61%
Rosanna, Saturnyne, Rory WilliamsThe Vampires of Venice
60%

Score Distribution

Percentile by Number Answered

Percent of People with Each Score

Your Score History

You have not taken this quiz